01397cam a22003377a 4500003000500000005001700005008004100022010001000063011001000073035001000083040000900093090001000102100004500112245010300157260004000260300001900300502010000319590003700419590004100456590004100497590004100538590004200579650005500621901000700676942000900683949003500692949004800727999001700775952014000792952012700932CHAP20220329141817.0971013s1982 r 00010 d a74219 a75191 a84751 cCHAP aTesis00aGarzón Tiznado, José Antonio.947196 0aEnfermedad de la "planta atigrada" del chile (Capsicum annuum) en la región de Valsequillo, Pue. aChapingo, Méx. :bEl autor,c1982 a60 h.b: ilus. aTesis (M.C. Esp. en Fitopatología) -- CP. Colegio de Postgraduados. Centro de Fitopatología aALEPHb10c20130110lUCH01h1418 aBATCH-UPDb10c20130110lUCH01h1654 aBATCH-UPDb10c20130410lUCH01h1043 aBATCH-UPDb10c20130914lUCH01h0923 aCONVERSIONb10c20130109lUCH01h134114aChile (Botánica)xEnfermedades por virus.922356 aBK cFOLL bBCcTESd-40256eTS1i84751si bBCcTESd33724002054470eTS2fc.2i84751si c74219d74219 00102local4053708TESISaBCbBCcPA_TESISd2012-12-17fTESISl0oTesisp33724002054470r2019-12-31 00:00:00tc.2w2019-12-31yTESIS 00102local4051708TESISaBCbBCcPA_TESISd2012-12-17fTESISl0oTesisp-40256r2019-12-31 00:00:00w2012-12-17yTESIS